[Event "Gibraltar Masters 18th"]
[Site "Caleta"]
[Date "2020.01.26"]
[Round "6"]
[White "De Haan, Eric"]
[Black "Paehtz, Elisabeth"]
[Result "1-0"]
[WhiteElo "2308"]
[BlackElo "2467"]
[PlyCount "93"]
[EventDate "2020.01.21"]
[EventType "swiss"]
[EventRounds "10"]
[EventCountry "GGB"]
[SourceTitle "CBM 194 Extra"]
[Source "ChessBase"]
[SourceDate "2020.03.31"]
[SourceVersion "1"]
[SourceVersionDate "2020.03.31"]
[SourceQuality "1"]

1. d4 d5 2. c4 e6 3. Nc3 c6 4. Nf3 Nf6 5. Bg5 h6 6. Bh4 dxc4 7. e4 g5 8. Bg3 b5 9. h4 g4 10. Ne5 Rg8 11. h5 Qa5 12. Qc2 Nfd7 13. 0-0-0 Nxe5 14. Bxe5 Nd7 15. Bf4 e5 16. Be3 Bb7 17. dxe5 Nxe5 18. f4 Nd7 19. e5 0-0-0 20. Be2 Bc5 21. Bxc5 Nxc5 22. Qf5+ Kb8 23. Qxf7 Rdf8 24. Qe7 b4 25. Bxc4 bxc3 26. Bxg8 cxb2+ 27. Kb1 Rxg8 28. Qd6+ Ka8 29. Qd2 Qa6 30. f5 Ne4 31. Qc2 c5 32. Rhe1 Qc6 33. f6 a6 34. Qc4 Rf8 35. f7 Bc8 36. Qxe4 Qxe4+ 37. Rxe4 Bf5 38. e6 Bxe4+ 39. Kxb2 Bc6 40. Rd8+ Rxd8 41. e7 Re8 42. f8Q Kb7 43. Kc3 Kc7 44. Qf4+ Kd7 45. Qxg4+ Kxe7 46. Qg7+ Kd8 47. Qxh6 1-0

[Event "Liffre op"]
[Site "Liffre"]
[Date "2018.10.26"]
[Round "9"]
[White "De Haan, Eric"]
[Black "Di Nicolantonio, Lucas"]
[Result "1/2-1/2"]
[WhiteElo "2331"]
[BlackElo "2376"]
[PlyCount "119"]
[EventDate "2018.10.20"]
[EventType "swiss"]
[EventRounds "9"]
[EventCountry "FRA"]
[SourceTitle "CBM 187 Extra"]
[Source "ChessBase"]
[SourceDate "2018.11.04"]
[SourceVersion "1"]
[SourceVersionDate "2018.11.04"]
[SourceQuality "1"]

1. d4 d5 2. c4 e6 3. Nc3 c6 4. Nf3 dxc4 5. a4 Bb4 6. e3 b5 7. Bd2 a5 8. axb5 Bxc3 9. Bxc3 cxb5 10. b3 Bb7 11. bxc4 b4 12. Bb2 Nf6 13. c5 0-0 14. Bb5 Bc6 15. Ba4 Bxa4 16. Qxa4 Qd5 17. 0-0 Nc6 18. Rfd1 Ne4 19. Ne1 f5 20. f3 Nf6 21. Nd3 Qd7 22. Nf2 Nd5 23. Re1 Rac8 24. Nd3 f4 25. e4 Nc3 26. Bxc3 bxc3 27. d5 exd5 28. Qb3 Rb8 29. Qxc3 Rfe8 30. Nxf4 dxe4 31. Qc4+ Qf7 32. Rxe4 Qxc4 33. Rxc4 Rb2 34. h4 Reb8 35. Re1 Rb1 36. Rxb1 Rxb1+ 37. Kf2 Kf7 38. Ke3 Rb2 39. Ke4 Ke7 40. Nd5+ Kd7 41. g4 Re2+ 42. Ne3 Nb4 43. f4 Kc6 44. Kf3 Rd2 45. Nf5 Kb5 46. Rc1 Rd7 47. Nd6+ Kc6 48. Nc4 Ra7 49. Ne5+ Kb5 50. f5 a4 51. c6 Rc7 52. g5 Nxc6 53. Kf4 a3 54. Ra1 Ra7 55. f6 gxf6 56. gxf6 Nd8 57. Kf5 a2 58. Nd3 Kc4 59. Nc1 Ra5+ 60. Ke4 1/2-1/2

[Event "Gibraltar Masters 15th"]
[Site "Caleta"]
[Date "2017.02.01"]
[Round "9"]
[White "Docx, Stefan"]
[Black "De Haan, Eric"]
[Result "1-0"]
[WhiteElo "2405"]
[BlackElo "2319"]
[PlyCount "41"]
[EventDate "2017.01.24"]
[EventType "swiss"]
[EventRounds "10"]
[EventCountry "GGB"]
[SourceTitle "CBM 177"]
[Source "ChessBase"]
[SourceDate "2017.03.16"]
[SourceVersion "1"]
[SourceVersionDate "2017.03.16"]
[SourceQuality "1"]

1. Nf3 d6 2. d4 g6 3. e4 Bg7 4. Be2 c5 5. c3 Nd7 6. 0-0 b6 7. Re1 Bb7 8. Nbd2 Qc7 9. h3 e6 10. Nc4 d5 11. exd5 Bxd5 12. Nce5 Ngf6 13. Bf4 Qb7 14. Qa4 0-0 15. Ba6 Qc7 16. Nxg6 Qd8 17. Nxf8 Nxf8 18. dxc5 Bxf3 19. gxf3 Nd5 20. Bg3 Qf6 21. Bb7 1-0

[Event "Porto San Giorgio op 27th"]
[Site "Porto San Giorgio"]
[Date "2016.08.21"]
[Round "2"]
[White "Bettalli, Francesco"]
[Black "De Haan, Eric"]
[Result "0-1"]
[WhiteElo "2029"]
[BlackElo "2355"]
[PlyCount "58"]
[EventDate "2016.08.20"]
[EventType "swiss"]
[EventRounds "9"]
[EventCountry "ITA"]
[SourceTitle "CBM 174 Extra"]
[Source "ChessBase"]
[SourceDate "2016.10.10"]
[SourceVersion "1"]
[SourceVersionDate "2016.10.10"]
[SourceQuality "1"]

1. d4 Nf6 2. Nf3 e6 3. c4 c5 4. e3 d5 5. Nc3 Nc6 6. a3 cxd4 7. exd4 Be7 8. Bd3 dxc4 9. Bxc4 0-0 10. 0-0 b6 11. b4 Bb7 12. d5 exd5 13. Nxd5 Nxd5 14. Bxd5 Bf6 15. Ra2 Nxb4 16. Bxf7+ Rxf7 17. axb4 Qd5 18. Qe2 b5 19. Rc2 Qb3 20. Rc5 a6 21. Bd2 Re7 22. Qd1 Qxd1 23. Rxd1 Rd8 24. Kf1 Be4 25. Ne1 Bd5 26. Be3 Bxg2+ 27. Ke2 Bf1+ 28. Kxf1 Rxd1 29. Rc6 Bh4 0-1

[Event "Gibraltar Masters 14th"]
[Site "Caleta"]
[Date "2016.01.29"]
[Round "4"]
[White "De Haan, Eric"]
[Black "Lei, Tingjie"]
[Result "1-0"]
[WhiteElo "2313"]
[BlackElo "2474"]
[PlyCount "63"]
[EventDate "2016.01.26"]
[EventType "swiss"]
[EventRounds "10"]
[EventCountry "GGB"]
[SourceTitle "CBM 171"]
[Source "ChessBase"]
[SourceDate "2016.03.14"]
[SourceVersion "2"]
[SourceVersionDate "2016.03.14"]
[SourceQuality "1"]

1. d4 Nf6 2. c4 g6 3. f3 d5 4. cxd5 Nxd5 5. e4 Nb6 6. Nc3 Bg7 7. Be3 Nc6 8. d5 Ne5 9. f4 Ng4 10. Bb5+ Bd7 11. Bd4 Bxd4 12. Qxd4 0-0 13. Bxd7 Qxd7 14. Nf3 c6 15. h3 Nf6 16. dxc6 Qc7 17. 0-0 Rad8 18. Qe5 Qxc6 19. Qxe7 Rfe8 20. Qb4 Nxe4 21. Ne5 Qc5+ 22. Qxc5 Nxc5 23. Rad1 f6 24. Ng4 Kg7 25. Rxd8 Rxd8 26. Rd1 Rxd1+ 27. Nxd1 Nd3 28. g3 Nd5 29. Ngf2 Nc1 30. a3 f5 31. Kf1 Ne3+ 32. Nxe3 1-0

[Event "Gibraltar Masters 13th"]
[Site "Caleta"]
[Date "2015.01.27"]
[Round "1"]
[White "Harikrishna, Pentala"]
[Black "De Haan, Eric"]
[Result "1-0"]
[WhiteElo "2723"]
[BlackElo "2299"]
[PlyCount "66"]
[EventDate "2015.01.27"]
[EventType "swiss"]
[EventRounds "10"]
[EventCountry "GGB"]
[SourceTitle "CBM 165"]
[Source "ChessBase"]
[SourceDate "2015.03.11"]
[SourceVersion "1"]
[SourceVersionDate "2015.03.11"]
[SourceQuality "1"]

1. e4 c5 2. Nf3 e6 3. d4 cxd4 4. Nxd4 Nc6 5. Nc3 Qc7 6. Be2 Nf6 7. 0-0 Be7 8. Be3 0-0 9. Kh1 d6 10. f4 Nxd4 11. Qxd4 e5 12. Qd3 b6 13. g4 Bb7 14. Bf3 exf4 15. Bxf4 Rac8 16. Rad1 Qc4 17. g5 Nd7 18. Bg4 Qxd3 19. Rxd3 Rcd8 20. Nd5 Rfe8 21. Nxe7+ Rxe7 22. Rxd6 Bxe4+ 23. Kg1 f5 24. gxf6 gxf6 25. Be6+ Kh8 26. Rfd1 Rxe6 27. Rxe6 Rg8+ 28. Bg3 Bf5 29. Re7 h5 30. Kf2 Nc5 31. Bh4 Ne4+ 32. Ke3 Bg4 33. Kxe4 Bxd1 1-0

[Event "BEL-chT 1415"]
[Site "Belgium"]
[Date "2014.11.30"]
[Round "5.8"]
[White "De Haan, Eric"]
[Black "De Jonghe, Peter"]
[Result "1-0"]
[WhiteElo "2274"]
[BlackElo "2054"]
[PlyCount "123"]
[EventDate "2014.09.28"]
[EventType "team-swiss"]
[EventRounds "11"]
[EventCountry "BEL"]
[SourceTitle "EXT 2016"]
[Source "ChessBase"]
[SourceDate "2015.10.08"]
[SourceVersion "1"]
[SourceVersionDate "2015.10.08"]
[SourceQuality "1"]
[WhiteTeam "Borgerhout"]
[BlackTeam "Temse"]
[WhiteTeamCountry "BEL"]
[BlackTeamCountry "BEL"]

1. d4 Nf6 2. c4 g6 3. Nc3 Bg7 4. e4 d6 5. f3 0-0 6. Be3 b6 7. Nge2 c5 8. d5 Nbd7 9. Ng3 Ne5 10. h3 a6 11. f4 Ned7 12. Be2 b5 13. cxb5 Qa5 14. 0-0 axb5 15. Bxb5 h5 16. a4 Ba6 17. Bd2 Qb6 18. Qe2 h4 19. Nh1 Bxb5 20. Nxb5 Nh5 21. Bc3 Bh6 22. Qg4 Ndf6 23. Bxf6 Nxf6 24. Qxh4 Bg7 25. Qe1 Rfb8 26. Ng3 Nd7 27. Qe2 c4+ 28. Kh2 Nc5 29. Qxc4 Nxa4 30. Rxa4 Rxa4 31. Qxa4 Qxb5 32. Qxb5 Rxb5 33. Rb1 Rxb2 34. Rxb2 Bxb2 35. Ne2 Kg7 36. Kg3 Kf6 37. Kf3 Ba1 38. Ke3 e6 39. Kd3 exd5 40. exd5 Bb2 41. g4 g5 42. Ke4 gxf4 43. Nxf4 Kg5 44. Ng2 Bc1 45. Kf3 Kf6 46. Nf4 Kg5 47. Nd3 Bd2 48. Kg3 Be3 49. h4+ Kf6 50. Kf3 Bd2 51. Ke4 Bc3 52. g5+ Kg7 53. Kf5 Kh7 54. h5 Bd4 55. Nb4 Be5 56. Nc6 Bc3 57. Nd8 Kg8 58. g6 fxg6+ 59. Kxg6 Kf8 60. h6 Ke7 61. Nf7 Kd7 62. h7 1-0